Duden. Band 6 : Aussprachewörterbuch. Wörterbuch der deutschen Standardaussprache
Enregistré dans:
| Format: | Livre |
|---|---|
| Langue: | allemand |
| Publié: |
Mannheim :
Dudenverlag,
1990
|
| Édition: | 3.völ.neu bearb.und erw.Aufl. |
| Tags: |
Pas de tags, Soyez le premier à ajouter un tag!
|
MARC
| LEADER | 00000nam a22000003a 4500 | ||
|---|---|---|---|
| 001 | stu6579 | ||
| 005 | 20150408182005.5 | ||
| 008 | 940923s1990----gw------------------ger-d | ||
| 020 | |a 3-411-20916-X | ||
| 040 | |a STU |b slo | ||
| 041 | 0 | |a ger | |
| 044 | |a gw | ||
| 080 | |a 803.0-3(038) | ||
| 245 | |a Duden. Band 6 : |b Aussprachewörterbuch. Wörterbuch der deutschen Standardaussprache | ||
| 250 | |a 3.völ.neu bearb.und erw.Aufl. | ||
| 260 | |a Mannheim : |b Dudenverlag, |c 1990 | ||
| 300 | |a 794 s | ||
| 996 | |b E79175 |c E*79175 |l EE18 |s P |a 0 |w stu6579_0001 | ||